000 01762nac a22004211i 4500
003 EG-ScBUE
005 20240602130355.0
008 240602s2005 enkab f b 001 0 eng d
020 _a052164304X
020 _a139780521643047 :
020 _a10052164304* :
020 _a139780521673549 :
040 _aEG-ScBUE
_beng
_erda
_cEG-ScBUE
_dEG-ScBUE
043 _ae-tu---
082 0 4 _a956.2
_bELD
_222
100 1 _aEldem, Edhem,
_eauthor.
245 1 4 _aThe Ottoman city between East and West :
_bAleppo, Izmir, and Istanbul /
_cEdhem Eldem, Daniel Goffman, and Bruce Masters.
264 1 _aCambridge :
_bCambridge University Press,
_c2005.
300 _axvi, 244 pages :
_billustrations, maps ;
_c24 cm.
336 _2rdacontent
_atext
_btxt
337 _aunmediated
_2rdamedia
_bn
338 _avolume
_bnc
_2rdacarrier
490 _aCambridge studies in Islamic civilization
504 _aIncludes bibliographical references and index.
651 7 _aAleppo (Syria)
_xHistory
_y17th century.
_2BUEsh
651 7 _aAleppo (Syria)
_xHistory
_y18th century.
_2BUEsh
651 7 _aİzmir (Turkey)
_xHistory
_y17th century.
_2BUEsh
651 7 _aİzmir (Turkey)
_xHistory
_y18th century.
_2BUEsh
651 7 _aIstanbul (Turkey)
_xHistory
_y17th century.
_2BUEsh
651 7 _aIstanbul (Turkey)
_xHistory
_y18th century.
_2BUEsh
655 _vReading book
700 1 _aGoffman, Daniel,
_d1954-
_eauthor.
700 1 _aMasters, Bruce Alan,
_d1950-
_eauthor.
856 4 1 _3Sample text
_uhttp://www.loc.gov/catdir/samples/cam032/98043855.html
856 4 1 _3Publisher description
_uhttp://www.loc.gov/catdir/description/cam029/98043855.html
856 4 1 _3Table of contents
_uhttp://www.loc.gov/catdir/toc/cam022/98043855.html
942 _cBB
_2ddc
999 _c5068
_d5068